ბათუმის შოთა რუსთაველის სახელმწიფო უნივერსიტეტის ბიბლიოთეკა

Турбизнес=Travel trade russia №13\271 2012. (ბიბ.ჩანაწერი № 41187)

000 -LEADER
fixed length control field 00493nam a2200181Ia 4500
001 - CONTROL NUMBER
control field 7838
003 - CONTROL NUMBER IDENTIFIER
control field GE_BSU
008 - FIXED-LENGTH DATA ELEMENTS--GENERAL INFORMATION
fixed length control field 181216s||||||||xx |||||||||||||| ||und||
040 ## - CATALOGING SOURCE
Transcribing agency GE_BSU
245 ## - TITLE STATEMENT
Title Турбизнес=Travel trade russia №13\271 2012.
245 ## - TITLE STATEMENT
Remainder of title Горные лыжи
245 ## - TITLE STATEMENT
Statement of responsibility, etc. Шеф-ред. Александр Попов
260 ## - PUBLICATION, DISTRIBUTION, ETC.
Place of publication, distribution, etc. Москва
260 ## - PUBLICATION, DISTRIBUTION, ETC.
Date of publication, distribution, etc. 2012.
300 ## - PHYSICAL DESCRIPTION
Extent 48ст,26см.
653 ## - INDEX TERM--UNCONTROLLED
Uncontrolled term Турбизнес=Travel trade russia
942 ## - ADDED ENTRY ELEMENTS (KOHA)
Koha item type პერიოდიკა
ეგზემპლარები
Withdrawn status Lost status Damaged status Not for loan Date acquired Barcode Date last seen Price effective from Koha item type
        2018-12-17 p75830 2018-12-17 2018-12-17 პერიოდიკა